00629nam a22002057a 450000500170000001000130001702000220003003500130005203700160006504000120008108200150009310000190010824501010012726000460022827000440027430000200031850000190033865000290035765000370038620170124105926.0 aA-991944 c00.00a8176291900 aA-991944 bCen Lib/Ret aDPLbEN a382.9bRAT aRatnesh, Kumar aWTO (World Trade Organisation) :cby Kumar Ratneshbstructure, functions, tasks and challenges / aNew DelhibDeep & Deep publicationsc2000 aF-159,Rajouri GardenbNew Delhie110027 a248p.c21cm(Hb) aIncludes index aWorld Trade Organization aInternational trade organisation